Encountering the book of Genesis / (Record no. 10421)

MARC details
000 -LEADER
fixed length control field 02231cam a22003738i 4500
001 - CONTROL NUMBER
control field 39897303
003 - CONTROL NUMBER IDENTIFIER
control field OCoLC
005 - DATE AND TIME OF LATEST TRANSACTION
control field 20241126110732.0
008 - FIXED-LENGTH DATA ELEMENTS--GENERAL INFORMATION
fixed length control field 980904s1998 miuab b 001 0 eng
010 ## -
-- 98040728
020 ## - INTERNATIONAL STANDARD BOOK NUMBER
International Standard Book Number 0801021774
020 ## - INTERNATIONAL STANDARD BOOK NUMBER
International Standard Book Number 9780801021770
020 ## - INTERNATIONAL STANDARD BOOK NUMBER
International Standard Book Number 0801021174
035 ## - SYSTEM CONTROL NUMBER
System control number (OCoLC)39897303
040 ## - CATALOGING SOURCE
Original cataloging agency DLC
Language of cataloging eng
Description conventions rda
Transcribing agency DLC
Modifying agency WTS
-- LTS
050 00 -
-- BS1239
-- .A76 1998
082 00 - DEWEY DECIMAL CLASSIFICATION NUMBER
Classification number 222.1106
Edition information 21
Item number ARN
100 1# - MAIN ENTRY--PERSONAL NAME
Personal name Arnold, Bill T.
Authority record control number or standard number https://id.loc.gov/authorities/names/n98029316
9 (RLIN) 12682
245 10 - TITLE STATEMENT
Title Encountering the book of Genesis /
Statement of responsibility, etc. Bill T. Arnold.
263 ## - PROJECTED PUBLICATION DATE
Projected publication date 9812.
264 #1 - PRODUCTION, PUBLICATION, DISTRIBUTION, MANUFACTURE, AND COPYRIGHT NOTICE
Place of production, publication, distribution, manufacture Grand Rapids, Mich. :
Name of producer, publisher, distributor, manufacturer Baker Books,
Date of production, publication, distribution, manufacture, or copyright notice 1998.
300 ## - PHYSICAL DESCRIPTION
Extent 234 pages :
Other physical details illustrations, maps ;
Dimensions 26 cm.
336 ## - CONTENT TYPE
Content type term text
Content type code txt
Source rdacontent
337 ## - MEDIA TYPE
Media type term unmediated
Media type code n
Source rdamedia
338 ## - CARRIER TYPE
Carrier type term volume
Carrier type code nc
Source rdacarrier
490 1# - SERIES STATEMENT
Series statement Encountering biblical studies ;
Volume/sequential designation 1998
504 ## - BIBLIOGRAPHY, ETC. NOTE
Bibliography, etc. note Includes bibliographical references (pages 219-220) and indexes.
505 0# - FORMATTED CONTENTS NOTE
Formatted contents note Encountering God's creation (Genesis 1-11) -- Encountering Abraham: God's faithful servant (Genesis 12-25) -- Encountering Jacob: God's troubled servant (Genesis 25-36) -- Encountering Joseph: God's model servant (Genesis 37-50) -- Encountering the authorship of Genesis.
520 1# - SUMMARY, ETC.
Summary, etc. "The Book of Genesis stands as one of the most important books of the entire Bible, but despite the familiarity of its stories, the meaning and significance of the narratives are not always readily apparent. To help readers come to a clear understanding of this important book, Bill Arnold moves through Genesis section by section, exploring its main themes and sorting through its difficult interpretive issues. Encountering the Book of Genesis also features numerous illustrations, sidebars addressing contemporary concerns, and various study aids."--BOOK JACKET.
630 00 - SUBJECT ADDED ENTRY--UNIFORM TITLE
Uniform title Bible.
Name of part/section of a work Genesis
Authority record control number or standard number https://id.loc.gov/authorities/names/n80017837
Form subdivision Textbooks.
Authority record control number or standard number https://id.loc.gov/authorities/subjects/sh99001753
9 (RLIN) 13128
655 #7 - INDEX TERM--GENRE/FORM
Genre/form data or focus term Textbooks.
Source of term lcgft
Authority record control number or standard number https://id.loc.gov/authorities/genreForms/gf2014026191
9 (RLIN) 1529
830 #0 -
-- Encountering biblical studies ;
-- https://id.loc.gov/authorities/names/n98029318
-- 1998.
-- 15193
942 ## - ADDED ENTRY ELEMENTS (KOHA)
Source of classification or shelving scheme Dewey Decimal Classification
Koha item type Books
Koha issues (borrowed), all copies 4
Holdings
Withdrawn status Lost status Source of classification or shelving scheme Damaged status Not for loan Home library Current Library Shelving location Date acquired Total checkouts Total renewals Full call number Barcode Date last seen Date last checked out Copy number Price effective from Koha item type
    Dewey Decimal Classification     GRACE BIBLE COLLEGE GRACE BIBLE COLLEGE Biblical Studies 2024-07-17 8 2 222.1106 ARN 016933 2026-02-18 2026-02-13 c.1 2024-07-17 Books
© Grace Bible College Library 2025